| 000 | 00608nam a2200205 a 4500 | ||
|---|---|---|---|
| 005 | 20210223121053.0 | ||
| 008 | 991125s1975 mx 000 0 spa u | ||
| 035 | _aUPN01000011664 | ||
| 049 | _aCG | ||
| 050 | 4 |
_aHD9259 B3 _bV3.2 |
|
| 100 | 1 |
_aValadés, Edmundo, _d1915-1994 _930297 |
|
| 245 | 1 | 4 |
_aLos contratos del diablo / _cEdmundo Valadés. |
| 260 |
_aMéxico : _bEDAMEX, _c1975. |
||
| 300 |
_a160 p. : _bretrs. |
||
| 440 | 3 |
_aEl papalote ; _v16 |
|
| 650 | 4 |
_aEMPRESAS COMERCIALES - _zHONDURAS _98105 |
|
| 650 | 4 |
_aPLATANO _91164 |
|
| 651 | 4 |
_aHONDURAS - _xCONDICIONES ECONOMICAS _911248 |
|
| 905 | _aLibro | ||
| 999 |
_c11664 _d11664 |
||